<?xml version="1.0" encoding="UTF-8"?>
<record
    xmlns:xsi="http://www.w3.org/2001/XMLSchema-instance"
    xsi:schemaLocation="http://www.loc.gov/MARC21/slim http://www.loc.gov/standards/marcxml/schema/MARC21slim.xsd"
    xmlns="http://www.loc.gov/MARC21/slim">

  <leader>00348    a2200121   4500</leader>
  <datafield tag="245" ind1=" " ind2=" ">
    <subfield code="a">Britannia Waives the Rules</subfield>
    <subfield code="h">print</subfield>
  </datafield>
  <datafield tag="650" ind1=" " ind2=" ">
    <subfield code="a">History</subfield>
  </datafield>
  <controlfield tag="005">20191021095514.0</controlfield>
  <datafield tag="260" ind1=" " ind2=" ">
    <subfield code="a">sa</subfield>
    <subfield code="b">Nasionale Boekhandel</subfield>
    <subfield code="c">1963</subfield>
  </datafield>
  <datafield tag="084" ind1=" " ind2=" ">
    <subfield code="a">DT32 .C84</subfield>
  </datafield>
  <datafield tag="300" ind1=" " ind2=" ">
    <subfield code="a">112 p. 22 cm.</subfield>
    <subfield code="b">112 p. 22 cm.</subfield>
    <subfield code="c">112 p. 22 cm.</subfield>
  </datafield>
  <datafield tag="500" ind1=" " ind2=" ">
    <subfield code="a">[by] A.T. Culwick.</subfield>
  </datafield>
  <datafield tag="999" ind1=" " ind2=" ">
    <subfield code="c">12322</subfield>
    <subfield code="d">12322</subfield>
  </datafield>
</record>
